Statistiken für Länder in der Nähe von Simbabwe A-Z

Klicken Sie hier um das Quiz zu spielen!

Allgemein

  • Dieses Quiz wurde 138 mal gespielt
  • Das Durchschnittsergebnis liegt bei 16 aus 23

Antwortstatistiken

Land% Korrekt
SSüdafrika
92%
AAngola
91%
BBotswana
90%
EEswatini
88%
LLesotho
87%
DDem Rep Kongo
85%
RRuanda
85%
UUganda
85%
GGabun
83%
NNamibia
83%
MMosambik
81%
TTansania
81%
ZZentralafrikanische
Republik
81%
KKenia
76%
OOman
72%
JJemen
64%
WWeißrussland
54%
CChina
51%
FFrankreich
47%
HHaiti
41%
IIsrael
39%
VVatikanstadt
38%
PPakistan
25%

Verteilung der Resultate

Perzentil nach korrekt beantworteten Fragen

Anzahl Personen mit jedem Resultat

Ihre Resultats-Entwicklung

Sie haben dieses Quiz noch nicht gespielt